000 00440nam a2200169 a 4500
001 7487
003 CO-ViMGA
008 141112s2004 ck r 000 u spa d
040 _aCO-ViMGA
_bspa
_cCO-ViMGA
082 0 4 _a634.774 I21
100 1 _aICA
_955153
245 1 0 _aManejo integrado del cultivo de la piña
260 _aSantafé de Bogotá :
_bPromedios,
_c1994
300 _a107 p
650 1 4 _aPIÑA - CULTIVO
_96779
942 _2ddc
_cBK
999 _c19434
_d19434